University Home | Library Home | Institutional Repository

Constitutional law. (Record no. 185736)

MARC details
000 -LEADER
fixed length control field 00398cam9a220016900 4500
001 - CONTROL NUMBER
control field tmp15945612
003 - CONTROL NUMBER IDENTIFIER
control field UPRA
005 - DATE AND TIME OF LATEST TRANSACTION
control field 20190830104323.0
008 - FIXED-LENGTH DATA ELEMENTS--GENERAL INFORMATION
fixed length control field 951114s1991 xx eng u
035 ## - SYSTEM CONTROL NUMBER
System control number (Sirsi) r25871
035 ## - SYSTEM CONTROL NUMBER
System control number (UPRA)tmp15945612
040 ## - CATALOGING SOURCE
Transcribing agency UPRA
245 00 - TITLE STATEMENT
Title Constitutional law.
260 ## - PUBLICATION, DISTRIBUTION, ETC.
Date of publication, distribution, etc. 1991.
949 ## - LOCAL PROCESSING INFORMATION (OCLC)
a KB22
w lcc
i -26339
m MAIN
t BOOK
l ON-SHELF

No items available.

© 2026 - The University of Zambia Library - Koha v25.11